| LEADER | 00486nam a22001692a 4500 | ||
|---|---|---|---|
| 001 | 000094403 | ||
| 003 | CZ BrMZK | ||
| 005 | 19950101143423.0 | ||
| 007 | ta | ||
| 008 | 950101s1967 xr f cze d | ||
| 040 | |a BOA001 |b cze | ||
| 100 | 1 | |a Navrátil, Jiří, |d 1939-2019 |7 jk01082760 | |
| 245 | 1 | 0 | |a Malá kupovitá oblačnost |
| 260 | |a Praha, |c 1967 | ||
| 910 | |a BOA001 |b 4-0587.263 | ||
| 990 | |a BK | ||
| 996 | 7 | |b 2619983385 |c 4-0587.263 |l MZK |r Sklad / do 1 hodiny |n 3 |w 000094403 |u 000010 |a 1 |e BOA001 |j MZK50 |s A | |
English
Čeština 